Análisis de decisiones (Registro nro. 2625)

Detalles MARC
000 -LEADER
fixed length control field 01010 a2200217 4500
001 - CONTROL NUMBER
control field 36254
005 - DATE AND TIME OF LATEST TRANSACTION
control field 20260407155638.0
008 - FIXED-LENGTH DATA ELEMENTS--GENERAL INFORMATION
fixed length control field 260407a1994 arg spa d
003 - CONTROL NUMBER IDENTIFIER
control field AR-UNSa-BCEJYS
040 ## - CATALOGING SOURCE
Original cataloging agency AR-UNSa-BCEJYS
Language of cataloging spa
Transcribing agency AR-UNSa-BCEJYS
080 ## - UNIVERSAL DECIMAL CLASSIFICATION NUMBER
Universal Decimal Classification number 658.012.123
Common auxiliary subdivision Modelos de decisión. Diagramas de decisión. Árboles de decisión (Cursogramas)
020 ## - INTERNATIONAL STANDARD BOOK NUMBER
International Standard Book Number 84-481-0189-8
041 ## - LANGUAGE CODE
Language code of text/sound track or separate title spa
100 1# - MAIN ENTRY--PERSONAL NAME
Personal name León, Orfelio G.
245 10 - TITLE STATEMENT
Title Análisis de decisiones
Name of part/section of a work técnicas de situaciones aplicables a directivos y profesionales
264 #1 - PRODUCTION, PUBLICATION, DISTRIBUTION, MANUFACTURE, AND COPYRIGHT NOTICE
Place of production, publication, distribution, manufacture Madrid :
Name of producer, publisher, distributor, manufacturer McGraw-Hill
Date of production, publication, distribution, manufacture, or copyright notice 1994
300 ## - PHYSICAL DESCRIPTION
Extent 237 p.
Dimensions 24 cm.
505 ## - FORMATTED CONTENTS NOTE
Formatted contents note 1. Introducción - 2. Características del decisor humano - 3. Decisiones en grupo - 4. El papel de la creatividad - 5. Resolución de problemas - 6. Estructuración - 7. Valoración( decisiones sin incertidumbre) - 8. Valoración ( decisiones con incertidumbre) - 9. Fase de resolución - 10. Ayudas a la decisión.<br/>
590 ## - LOCAL NOTE (RLIN)
Local note niveau_biblio:m niveau_hierar:0
942 ## - ADDED ENTRY ELEMENTS (KOHA)
Koha item type
Existencias
Withdrawn status Lost status Damaged status Not for loan Home library Current library Shelving location Date acquired Total checkouts Full call number Barcode Date last seen Price effective from Koha item type
        Biblioteca Prof. Eusebio Cleto del Rey Biblioteca Prof. Eusebio Cleto del Rey   07/04/2026   658.012.123 L579 L65273 07/04/2026 07/04/2026 Libro
        Biblioteca Prof. Eusebio Cleto del Rey Biblioteca Prof. Eusebio Cleto del Rey   07/04/2026   658.012.123 L579 L65272 07/04/2026 07/04/2026 Libro